XIV Muestra de Cine Mexicano en Guadalajara : del 12 al 18 de marzo 1999 /
Catálogo de la décimo cuarta Muestra de Cine Mexicano en Guadalajara (1998), rebautizada Festival Internacional de Cine en Guadalajara (FICG) a partir de su 20ª edición (2005), que reflejó un repunte cualitativo y cuantitativo de la producción fílmica nacional. Las secciones competitivas reunieron o...
-д хадгалсан:
| Байгууллагын зохиогч: | |
|---|---|
| Формат: | Бага хурлын үйл явц Ном |
| Хэл сонгох: | испани |
| Хэвлэсэн: |
Guadalajara, México :
Muestra de Cine Mexicano en Guadalajara : Universidad de Guadalajara,
1999
|
| Нөхцлүүд: | |
| Шошгууд: |
Шошго байхгүй, Энэхүү баримтыг шошголох эхний хүн болох!
|
MARC
| LEADER | 00000nam^a2200000^a^4500 | ||
|---|---|---|---|
| 001 | 000093114 | ||
| 005 | 20260226152314.0 | ||
| 009 | 20260310092746.757 | ||
| 037 | |a Acervo ITESO - Biblioteca | ||
| 041 | |a ESP | ||
| 082 | |a 302. 23550972352 |b FICG 1999 | ||
| 111 | |a Muestra de Cine Mexicano en Guadalajara ( |n 14ª : |d 1999 : |c Guadalajara, México) | ||
| 240 | 1 | 1 | |a [FICG] |
| 240 | 1 | 1 | |a [FICG: catálogos] |
| 240 | 1 | 1 | |a [Festival Internacional de Cine en Guadalajara] |
| 240 | 1 | 1 | |a [Festival Internacional de Cine en Guadalajara: catálogos] |
| 240 | 1 | 1 | |a [Muestra de Cine Mexicano en Guadalajara] |
| 240 | 1 | 1 | |a [Muestra de Cine Mexicano en Guadalajara: catálogos] |
| 240 | 1 | 1 | |a [Muestra de Cine Mexicano en Guadalajara 1999] |
| 245 | 1 | 0 | |a XIV Muestra de Cine Mexicano en Guadalajara : |b del 12 al 18 de marzo 1999 / |
| 264 | 1 | |a Guadalajara, México : |b Muestra de Cine Mexicano en Guadalajara : |b Universidad de Guadalajara, |c 1999 | |
| 300 | |a 107 p. | ||
| 336 | |a texto |b txt |2 rdacontenido | ||
| 337 | |a sin mediación |b n |2 rdamedio | ||
| 338 | |a volumen |b nc |2 rdasoporte | ||
| 520 | |a Catálogo de la décimo cuarta Muestra de Cine Mexicano en Guadalajara (1998), rebautizada Festival Internacional de Cine en Guadalajara (FICG) a partir de su 20ª edición (2005), que reflejó un repunte cualitativo y cuantitativo de la producción fílmica nacional. Las secciones competitivas reunieron once largometrajes y catorce cortometrajes, respectivamente. Cuatro películas –de un total de siete, programadas originalmente- formaron el ciclo homenaje a la actriz Katy Jurado (1924-2002). Siete fueron las películas de Canadá y siete largometrajes, más seis cortometrajes, formaron la retrospectiva casi completa de la filmografía que había dirigido hasta entonces el cineasta canadiense, de expresión inglesa, Atom Egoyan. Un ciclo de cine iberoamericano sumó nueve títulos de producción reciente y una retrospectiva de cine vasco, formada por siete largometrajes y cuatro cortometrajes, abarcó los años 1981-1992. Siete funciones especiales y tres producciones en video completaron el programa. | ||
| 520 | |a El jurado internacional premió El evangelio de las maravillas (1998), largometraje número 22 de Arturo Ripstein, presentado en la sección paralela Una Cierta Mirada del Festival de Cannes del año anterior, mientras la crítica nacional galardonó Bajo California: el límite del tiempo (1995-97), primera película larga dirigida por Carlos Bolado, hasta entonces más conocido en su faceta como editor, y otorgó una mención a Un dulce olor a muerte (1998), el décimo segundo largometraje del realizador Gabriel Retes (1947-2020). El voto del público favoreció a Sexo, pudor y lágrimas (1998), primera experiencia en la realización cinematográfica de Antonio Serrano, quien adaptó su propia obra de teatro y obtuvo un gran éxito en taquilla. La Organización Católica Internacional del Cine y del Audiovisual (OCIC) galardonó a Santitos (1997), otra ópera prima, del director Alejandro Springall, con menciones para Bajo California y para el documental, también ópera prima, Del olvido al no me acuerdo (1996-97), de Juan Carlos Rulfo. El concurso de cortometrajes premió a Ondas hertzianas (1997), de Ernesto Contreras, y entregó una mención para La historia de I y O (1998), de Valentina Leduc. | ||
| 546 | |a Edición bilingüe español-inglés | ||
| 585 | |a Muestra de Cine Mexicano en Guadalajara (14ª: 1999) | ||
| 649 | |a XX | ||
| 650 | |a Actores Mexicanos - |x Homenajes | ||
| 650 | |a Actores Mexicanos - |x Ciclos y Retrospectivas | ||
| 650 | |a Cineastas Canadienses - |x Ciclos y Retrospectivas | ||
| 650 | |a Mujeres Mexicanas - |x Homenajes | ||
| 650 | |a Mujeres Mexicanas - |x Ciclos y Retrospectivas | ||
| 650 | |a Cine Mexicano - |x Festivales - |x Catálogos - |x Tema Principal | ||
| 650 | |a Cine Mexicano - |x Ciclos y Retrospectivas | ||
| 650 | |a Cine Mexicano - |x Historia y Crítica | ||
| 650 | |a Cine Mexicano - |y 1950-1959 | ||
| 650 | |a Cine Mexicano - |y 1970-1979 | ||
| 650 | |a Cine Mexicano - |y 1990-1999 | ||
| 650 | |a Cine Mexicano - |y Siglo XX | ||
| 650 | |a Cine Canadiense - |x Ciclos y Retrospectivas | ||
| 650 | |a Cine Canadiense - |y 1980-1989 | ||
| 650 | |a Cine Canadiense - |y 1990-1999 | ||
| 650 | |a Cine Canadiense - |y Siglo XX | ||
| 650 | |a Cine Vasco - |x Ciclos y Retrospectivas | ||
| 650 | |a Cine Vasco - |y 1980-1989 | ||
| 650 | |a Cine Vasco - |y 1990-1999 | ||
| 650 | |a Cine Vasco - |y Siglo XX | ||
| 650 | |a Cine Español - |x Ciclos y Retrospectivas | ||
| 650 | |a Cine Español - |y 1980-1989 | ||
| 650 | |a Cine Español - |y 1990-1999 | ||
| 650 | |a Cine Español - |y Siglo XX | ||
| 650 | |a Cine Iberoamericano - |x Ciclos y Retrospectivas | ||
| 650 | |a Cine Iberoamericano - |y 1990-1999 | ||
| 650 | |a Cine Iberoamericano - |y Siglo XX | ||
| 650 | |a Cine - |z Guadalajara, Jalisco - |x Festivales - |x Catálogos - |x Tema Principal | ||
| 650 | |a Cine - |z México - |x Festivales - |x Catálogos | ||
| 650 | |a Cine - |x Festivales - |x Catálogos | ||
| 650 | |a Egoyan, Atom | ||
| 600 | |a Jurado, Katy | ||
| 910 | |a Fondo General | ||
| 920 | |a Impresos - Libros | ||
| 930 | |a Libros Antiguos y Raros | ||
| 905 | |a 108 | ||
| 901 | |a 0500028086 |b IT2 |c LRA |u 20250526 | ||
| 902 | |a https://opac.biblio.iteso.mx/vufind/Record/000093114 | ||